| 000 | 00616nam a22002057a 4500 | ||
|---|---|---|---|
| 999 |
_c16881 _d16881 |
||
| 003 | AR-CdUCM | ||
| 008 | 190506b ||||| |||| 00| 0 spa d | ||
| 040 |
_aMUNICIPALIDAD PROVINCIAL DEL CUSCO _cBIBLIOTECA MUNICIPAL DEL CUSCO |
||
| 082 |
_a860.8 / _bM22 |
||
| 100 |
_aManrique, Jorge, _918178 |
||
| 245 | _aSus mejores posias / | ||
| 260 |
_aBarcelona : _bBruguera, _c1954. |
||
| 300 |
_a117 paginas ; _c16 cm. |
||
| 505 | _aContenido : PoesÃa | ||
| 650 |
_aPoesia _91598 |
||
| 650 |
_aLiteratura Latinoamericana _9799 |
||
| 650 |
_aPoetas Latinos _936604 |
||
| 942 |
_2ddc _cLIBROS |
||
| 945 |
_awnts _d2019-05-6 |
||